Cargando...

Padunna Poovu gana kavithakal tr by Herman /

Detalles Bibliográficos
Autor principal: Kochu Thresya
Lenguaje:Undetermined
Publicado: 1969.
LEADER 00390nam a2200121Ia 4500
001 75285
008 170722s9999 xx 000 0 und d
100 |a Kochu Thresya 
245 |a Padunna Poovu  |b gana kavithakal tr by Herman / 
260 |c 1969. 
942 |c GEN 
999 |c 78200  |d 78200 
952 |0 0  |1 0  |4 0  |6 Q_6417X_32K9  |7 0  |8 CR  |9 109999  |a LIB  |b LIB  |d 2017-08-12  |h CR  |o Q6:417x 32K9  |p 131854  |r 2017-08-12  |w 2017-08-12  |y GEN